000 00779nam a22002175i 4500
001 152680
003 ES-MaACL
005 20230906204836.0
008 051018s1870 sp | |||||||| ||spa d
040 _aCAM
_bspa
_cCAM
080 _a821.133.1-31"18"
100 1 _aBréhat, Alfred de.
_9126156
245 1 4 _aLos amores de una gran señora
_b: novela /
_cde Alfredo de Brehat.
260 _aMadrid :
_b[s.n.],
_c1870 (
_fImprenta de La Correspondencia de España)
300 _a42 p. ;
_c23 cm.
490 1 _aBiblioteca de la correspondencia
500 _aTexto a dos columnas.
830 0 _aBiblioteca de la correspondencia
_9187724
852 _aES-MaACL
_jT-672-F-1
_z-- Enc. hol., conservando la cub. original
_z-- Enc. en un vol. facticio
999 _c152680
_d152680